000 00519nam a22001817a 4500
005 20180327143039.0
010 _aENG-122336
020 _a9788192557120
_c675.00
035 _aEN-105868
037 _bDBAD/PUB
082 _a230.35
100 _aShukla,R.S.
245 _aLife history of great saints of India /
_cby R.S.Shukla
260 _c2016
_aAllahabad
_bAnurag Publication
270 _a116/70,Lukerganj,
_bAllahbad
_e211001
300 _c21cm(Hb)
_a240p.
942 _cEN
_2ddc
_mSHU
_h230.35
999 _c150564
_d150564